000 00358nam a2200157Ia 4500
100 _aGhosh S
650 _aProject Management
942 _cBK
654 _aproject management
245 _aProject Management and control
260 _bNew Central Book
_aMumbai
_c1997
082 _a658.404/GHO
_bGHO
300 _a378
546 _aENGLISH
999 _c22062
_d22062